000 00396nam a2200145Ia 4500
008 090124s9999 xx 000 0 und d
082 _b122452
245 _a टोकियो टॉवरवरुन
250 _a1
260 _c1988
300 _a115
630 _a टोकियो टॉवरवरुन
730 _a टोकियो टॉवरवरुन
942 _cBOOK
999 _c168538
_d168538